How Toyota Changed The World (Record no. 323780)

MARC details
000 -LEADER
fixed length control field 00442nam a2200157Ia 4500
008 - FIXED-LENGTH DATA ELEMENTS--GENERAL INFORMATION
fixed length control field 230718s9999 xx 000 0 und d
041 ## - LANGUAGE CODE
Language code of text/sound track or separate title eng
082 ## - DEWEY DECIMAL CLASSIFICATION NUMBER
Classification number 338.7'6292952
Item number CHA
100 ## - MAIN ENTRY--PERSONAL NAME
Personal name Chambers K.D.
9 (RLIN) 172193
245 ## - TITLE STATEMENT
Title How Toyota Changed The World
260 ## - PUBLICATION, DISTRIBUTION, ETC. (IMPRINT)
Date of publication, distribution, etc. 2009
Name of publisher, distributor, etc. Jaico Publishing House
300 ## - PHYSICAL DESCRIPTION
Extent 132
365 ## - TRADE PRICE
Currency code Rs.
Price amount 295.00
700 ## - ADDED ENTRY--PERSONAL NAME
Personal name Chambers K.D.
9 (RLIN) 172193
906 ## - LOCAL DATA ELEMENT F, LDF (RLIN)
d O:0053510-Feb-2010B:183906-Oct-2009
c GENRL
b 59
Holdings
Withdrawn status Lost status Damaged status Not for loan Home library Current library Date acquired Vendor Budget Code Cost, normal purchase price Bill number Total Checkouts Full call number Barcode Date last seen Discount Cost, replacement price Bill Date Koha item type Original Barcode
        Cummins College of Engineering for Women Pune Cummins College of Engineering for Women Pune 11/02/2010 Tbs GENRL 236.00 1839   338.7'6292952 CCEP-BK-34987 18/07/2023 59 295.00 06/10/2009 Books 034987